Vybrané aspekty marketingu knižníc

Východiská marketingu knižníc. Marketingový mix v knižniciach. Internetová komunikácia.

Gespeichert in:
Bibliographische Detailangaben
1. Verfasser: Loydlová, Miroslava
Weitere Verfasser: Lipianska, Júlia
Format: Buchkapitel
Sprache:Slowakisch
Schlagworte:
Tags: Tag hinzufügen
Keine Tags, Fügen Sie das erste Tag hinzu!

MARC

LEADER 00000naa a2200000 4500
001 0142485
005 20240502072543.9
041 0 |a slo 
044 |a SK 
245 1 0 |a Vybrané aspekty marketingu knižníc  |c Miroslava Loydlová, Júlia Lipianska 
520 |a Východiská marketingu knižníc. Marketingový mix v knižniciach. Internetová komunikácia. 
610 2 0 |a marketing 
610 2 0 |a marketing mix 
610 2 0 |a knižnice 
610 2 0 |a komunikácia marketingová 
610 2 0 |a technológie informačné 
610 2 0 |a technológie komunikačné 
610 2 0 |a internet 
100 1 |a Loydlová, Miroslava 
700 1 |a Lipianska, Júlia